Mathematical activity tiles handbook : an ATM discussion book
Αποθηκεύτηκε σε:
| Κύριος συγγραφέας: | |
|---|---|
| Μορφή: | Βιβλίο |
| Γλώσσα: | English |
| Δημοσίευση: |
[London] :
Association of Teachers of Mathematics,
[1980-1985]
|
| Θέματα: | |
| Ετικέτες: |
Προσθήκη ετικέτας
Δεν υπάρχουν, Καταχωρήστε ετικέτα πρώτοι!
|
MARC
| LEADER | 00000nam a2200000 i 4500 | ||
|---|---|---|---|
| 001 | 1/88417 | ||
| 008 | 970411q19801985 eng d | ||
| 020 | |a 0-900095-59-8 | ||
| 035 | |a 1988 |b 2 |c Δωρεά |l 10035494 | ||
| 040 | |a GR-MY-UA |b gre |e aacr | ||
| 041 | 0 | |a eng | |
| 082 | 0 | |a 516.15 | |
| 100 | 1 | |a Pinel, Adrian. | |
| 245 | 1 | 0 | |a Mathematical activity tiles handbook : |b an ATM discussion book / |c Adrian Pinel |
| 260 | |a [London] : |b Association of Teachers of Mathematics, |c [1980-1985] | ||
| 300 | |a 26 p. | ||
| 650 | 0 | 0 | |a Tiling (Mathematics) |
| 852 | |a INST |b RHODES |e 19970411 |h 516.15 MAT |p 005400010550 |q 005400010550 |t BK |y 0 | ||
| 909 | |a Ρ |b 004287 |c 1988 | ||
| 970 | |z 2000/08/ΔΕΜΕΝΑΓΑΣ ΠΕΤΡΟΣ | ||